000 01019nam a22002537a 4500
001 03247
003 HDC
007 cr bn ---
008 210105b20142014th ||||| |||| 00| 0 eng d
040 _aHDC
245 4 _aThe present condition and the subject of Halal in Japan, in comparison with Malaysia
_c/ Takayuki Mori
260 _aThailand:
_bCo-operative Academic Institute,
_c2014
300 _a1 online resource (24 pages)
_b: chiefly colour illustrations
336 _atext
_2rdacontent
337 _acomputer
_2rdamedia
338 _aonline resource
_2rdacarrier
500 _aExtract from: 12th SARD Workshop in Thailand Paper (pages 1-24)
_aIncludes bibliographical references
650 _aHalal food industry
_zJapan
_zMalaysia
_92294
700 _aMori, Takayuki
_eauthor
_92295
856 _zRequest full-text at [email protected]
942 _2lcc
942 _cAR
942 _kJART 002577
999 _c633
_d633